<?xml version="1.0" encoding="UTF-8"?>
<record
    xmlns:xsi="http://www.w3.org/2001/XMLSchema-instance"
    xsi:schemaLocation="http://www.loc.gov/MARC21/slim http://www.loc.gov/standards/marcxml/schema/MARC21slim.xsd"
    xmlns="http://www.loc.gov/MARC21/slim">

  <leader>00995nam a22002177a 4500</leader>
  <controlfield tag="005">20240309114411.0</controlfield>
  <controlfield tag="008">231109b           ||||| |||| 00| 0 eng d</controlfield>
  <datafield tag="040" ind1=" " ind2=" ">
    <subfield code="c">AL</subfield>
  </datafield>
  <datafield tag="041" ind1=" " ind2=" ">
    <subfield code="a">Konkani/Kanadi</subfield>
  </datafield>
  <datafield tag="082" ind1=" " ind2=" ">
    <subfield code="2">23</subfield>
    <subfield code="a">891.462</subfield>
    <subfield code="b">SERD</subfield>
  </datafield>
  <datafield tag="100" ind1=" " ind2=" ">
    <subfield code="a">Ronald Serrao: &#xCB0;&#xCCA;&#xCA8;&#xCBE;&#xCB2;&#xCCD;&#xCA1;&#xCCD; &#xCB8;&#xCC6;&#xCB0;&#xCB5;&#xCCA;</subfield>
    <subfield code="9">153603</subfield>
  </datafield>
  <datafield tag="245" ind1=" " ind2=" ">
    <subfield code="a">Daniel ani Esther Rani: Dharmik Natakam</subfield>
    <subfield code="b">&#xCA6;&#xCBE;&#xCA8;&#xCBF;&#xCAF;&#xCC6;&#xCB2;&#xCCD; &#xC86;&#xCA8;&#xCBF; &#xC8E;&#xCB8;&#xCCD;&#xCA4;&#xCC6;&#xCB0;&#xCCD; &#xCB0;&#xCBE;&#xCA3;&#xCBF;: &#xCA7;&#xCBE;&#xCB0;&#xCCD;&#xCAE;&#xCBF;&#xC95;&#xCCD; &#xCA8;&#xCBE;&#xC9F;&#xC95;&#xCBE;&#xC82; </subfield>
  </datafield>
  <datafield tag="260" ind1=" " ind2=" ">
    <subfield code="a">Goa</subfield>
    <subfield code="b">Ashawadi Prakashana</subfield>
    <subfield code="c">2023</subfield>
  </datafield>
  <datafield tag="300" ind1=" " ind2=" ">
    <subfield code="a">121p.</subfield>
    <subfield code="b">PB</subfield>
    <subfield code="c">21x14cm.</subfield>
  </datafield>
  <datafield tag="365" ind1=" " ind2=" ">
    <subfield code="2">Konkani</subfield>
    <subfield code="a">23/K007</subfield>
    <subfield code="b">160.00</subfield>
    <subfield code="c">&#x20B9;</subfield>
    <subfield code="d">200.00</subfield>
    <subfield code="e">20%</subfield>
    <subfield code="f">23-11-2023</subfield>
  </datafield>
  <datafield tag="650" ind1=" " ind2=" ">
    <subfield code="a">Konkani Drama: &#xC95;&#xCCA;&#xC82;&#xC95;&#xCA3;&#xCBF; &#xCA8;&#xCBE;&#xC9F;&#xC95;&#xC82; </subfield>
    <subfield code="9">141349</subfield>
  </datafield>
  <datafield tag="650" ind1=" " ind2=" ">
    <subfield code="a">Konkani Literature: &#xC95;&#xCCA;&#xC82;&#xC95;&#xCA3;&#xCBF; &#xCB8;&#xCBE;&#xCB9;&#xCBF;&#xCA4;&#xCCD;&#xCAF;&#xCCD; </subfield>
    <subfield code="9">141350</subfield>
  </datafield>
  <datafield tag="700" ind1=" " ind2=" ">
    <subfield code="a">SERRAO (Ronald): &#xCB8;&#xCC6;&#xCB0;&#xCB5;&#xCCA; (&#xCB0;&#xCCA;&#xCA8;&#xCBE;&#xCB2;&#xCCD;&#xCA1;&#xCCD;)</subfield>
    <subfield code="9">141351</subfield>
  </datafield>
  <datafield tag="700" ind1=" " ind2=" ">
    <subfield code="a">QUADROS (Valley):&#xC95;&#xCCD;&#xCB5;&#xCBE;&#xCA1;&#xCCD;&#xCB0;&#xCCB;&#xCB8;&#xCCD; (&#xCB5;&#xCB2;&#xCCD;&#xCB2;&#xCBF;) Ed</subfield>
    <subfield code="9">141356</subfield>
  </datafield>
  <datafield tag="942" ind1=" " ind2=" ">
    <subfield code="2">ddc</subfield>
    <subfield code="c">BK</subfield>
  </datafield>
  <datafield tag="999" ind1=" " ind2=" ">
    <subfield code="c">229165</subfield>
    <subfield code="d">229165</subfield>
  </datafield>
  <datafield tag="952" ind1=" " ind2=" ">
    <subfield code="0">0</subfield>
    <subfield code="1">0</subfield>
    <subfield code="2">ddc</subfield>
    <subfield code="4">0</subfield>
    <subfield code="7">0</subfield>
    <subfield code="8">KON</subfield>
    <subfield code="a">AL</subfield>
    <subfield code="b">AL</subfield>
    <subfield code="d">2023-11-07</subfield>
    <subfield code="e">Ashawadi Prakashana, Maharastra </subfield>
    <subfield code="g">160.00</subfield>
    <subfield code="l">0</subfield>
    <subfield code="o">891.462 SERD</subfield>
    <subfield code="p">076877</subfield>
    <subfield code="r">2023-11-09 00:00:00</subfield>
    <subfield code="v">200.00</subfield>
    <subfield code="w">2023-11-09</subfield>
    <subfield code="y">BK</subfield>
  </datafield>
  <datafield tag="952" ind1=" " ind2=" ">
    <subfield code="0">0</subfield>
    <subfield code="1">0</subfield>
    <subfield code="2">ddc</subfield>
    <subfield code="4">0</subfield>
    <subfield code="7">0</subfield>
    <subfield code="8">KON</subfield>
    <subfield code="a">AL</subfield>
    <subfield code="b">AL</subfield>
    <subfield code="d">2023-11-07</subfield>
    <subfield code="e">Ashawadi Prakashan, Maharashtra</subfield>
    <subfield code="g">160.00</subfield>
    <subfield code="l">0</subfield>
    <subfield code="o">891.462 SERD</subfield>
    <subfield code="p">076878</subfield>
    <subfield code="r">2023-11-09 00:00:00</subfield>
    <subfield code="v">200.00</subfield>
    <subfield code="w">2023-11-09</subfield>
    <subfield code="y">BK</subfield>
  </datafield>
</record>
